| 000 | 00983nam a22003137a 4500 | ||
|---|---|---|---|
| 001 | 7232 | ||
| 003 | FISKH | ||
| 005 | 20250703103855.0 | ||
| 008 | 250703b cb ||||| |||| 00| 0 eng d | ||
| 020 | _a9780590483124 | ||
| 040 |
_aFISKH _beng _cFISKH _dFISKH |
||
| 050 | _aQM101 .G74 | ||
| 082 | _a 611.71 | ||
| 100 |
_aGross, Belov Ruth _d(1929-) |
||
| 245 |
_aA book about your skeleton / _cBy Ruth Belov Gross ; Illustrated by Steve Bjorkman |
||
| 250 | _aThis edition first published in 1994 | ||
| 260 |
_aNew York : _bScholastic, _c1978 |
||
| 300 |
_a39 pages : _bcolor illustrations ; _c23 cm |
||
| 490 |
_aHello reader _vLevel 4 |
||
| 505 | _aP | ||
| 520 | _aExplains in simple language the structure, movement, growth, and purpose of our skeleton. | ||
| 521 | 8 |
_a650
_bLexile |
|
| 521 | 8 |
_aP
_bRaz-Plus |
|
| 650 |
_2Anatomy _aScience |
||
| 650 |
_2Skeleton _aHuman body |
||
| 700 |
_aBjorkman, Steve _dillustrator |
||
| 942 |
_2ddc _cBK _n0 |
||
| 999 |
_c7232 _d7232 |
||